Normal view
MARC view
- Fogler,Scott.H , Leblanc,Steven.E ،بدوي،رمضان مسعد/ترجمة
Entry Personal Name
001 - CONTROL NUMBER
- control field: 43033
003 - CONTROL NUMBER IDENTIFIER
- control field: JO-AjAnu
005 - DATE AND TIME OF LATEST TRANSACTION
- control field: 20230606081133.0
008 - FIXED-LENGTH DATA ELEMENTS
- fixed length control field: 230606|| aca||aabn | a|a d
040 ## - CATALOGING SOURCE
- Original cataloging agency: JO-AjAnu
- Transcribing agency: JO-AjAnu
100 ## - HEADING--PERSONAL NAME
- Personal name: Fogler,Scott.H , Leblanc,Steven.E ،بدوي،رمضان مسعد/ترجمة
670 ## - SOURCE DATA FOUND
- Source citation: Work cat.: (JO-AjAnu)22039: Fogler,Scott.H , Leblanc,Steven.E ،بدوي،رمضان مسعد/ترجمة, author, استراتجيات للحل الإبداعي للمشكلة=Strategies for Creative Problem Solving